[Event "Niederbayernliga 1415"]
[Site "Bayern"]
[Date "2015.03.15"]
[Round "8.2"]
[White "Wimmer, Martin1111"]
[Black "Grimm, Markus"]
[Result "1-0"]
[WhiteElo "1949"]
[BlackElo "1830"]
[PlyCount "75"]
[EventDate "2014.10.19"]
[EventType "team-tourn"]
[EventRounds "9"]
[EventCountry "GER"]
[SourceTitle "EXT 2023"]
[Source "ChessBase"]
[SourceDate "2022.10.05"]
[SourceVersion "1"]
[SourceVersionDate "2022.10.05"]
[SourceQuality "1"]
[WhiteTeam "Schaibing"]
[BlackTeam "Straubing SC"]
[WhiteTeamCountry "GER"]
[BlackTeamCountry "GER"]

1. Nf3 Nf6 2. g3 b6 3. Bg2 Bb7 4. 0-0 e6 5. d3 d5 6. c4 Bd6 7. Nc3 0-0 8. a3 c5 9. cxd5 exd5 10. d4 Nbd7 11. b3 Re8 12. Bb2 Ne4 13. dxc5 Nxc3 14. Bxc3 bxc5 15. e3 Nf6 16. Rc1 Ne4 17. Bb2 Qb6 18. Qc2 Rac8 19. Rfd1 d4 20. exd4 cxd4 21. Qd3 Rxc1 22. Rxc1 Nc5 23. Qxd4 Ne6 24. Qxb6 axb6 25. b4 Kf8 26. Nd2 Bxg2 27. Kxg2 Bc7 28. f4 Nxf4+ 29. gxf4 Re2+ 30. Kg3 Rxd2 31. Bxg7+ Kxg7 32. Rxc7 Rd3+ 33. Kg4 Rxa3 34. Rc6 Ra2 35. h4 Rg2+ 36. Kf3 Rg6 37. b5 Kh6 38. f5 1-0

[Event "Niederbayernliga 1213"]
[Site "Bayern"]
[Date "2012.??.??"]
[Round "4"]
[White "Grimm, Markus"]
[Black "Wimmer, Martin1111"]
[Result "0-1"]
[WhiteElo "1830"]
[BlackElo "1953"]
[PlyCount "80"]
[EventDate "2012.10.14"]
[EventType "team-tourn"]
[EventRounds "9"]
[EventCountry "GER"]
[SourceTitle "EXT 2023"]
[Source "ChessBase"]
[SourceDate "2022.10.05"]
[SourceVersion "1"]
[SourceVersionDate "2022.10.05"]
[SourceQuality "1"]
[WhiteTeam "Straubing SC"]
[BlackTeam "Schaibing"]
[WhiteTeamCountry "GER"]
[BlackTeamCountry "GER"]

1. e4 c6 2. d4 d5 3. Nc3 dxe4 4. Nxe4 Bf5 5. Ng3 Bg6 6. h4 h6 7. Nf3 Nd7 8. h5 Bh7 9. Bd3 Bxd3 10. Qxd3 Ngf6 11. Bd2 e6 12. 0-0-0 Be7 13. Kb1 0-0 14. Ne4 Nxe4 15. Qxe4 Nf6 16. Qf4 Qd5 17. g4 Ne4 18. c4 Nxd2+ 19. Nxd2 Qg5 20. Qg3 f5 21. Qe5 fxg4 22. Qxe6+ Kh8 23. Ne4 Qf5 24. Qxe7 Rae8 25. Qh4 Rxe4 26. Ka1 Qxf2 27. Qxf2 Rxf2 28. d5 cxd5 29. cxd5 Rf7 30. d6 Rd7 31. Rd3 Kg8 32. a3 Re5 33. Rg3 Rg5 34. Rh4 Rxd6 35. Rgxg4 Rdd5 36. Rxg5 hxg5 37. Rg4 Kh7 38. Rg2 Kh6 39. Rh2 g4 40. Rg2 Kxh5 0-1

[Event "Niederbayernliga 1112"]
[Site "Bayern"]
[Date "2012.??.??"]
[Round "7"]
[White "Sadlo, Philipp"]
[Black "Grimm, Markus"]
[Result "0-1"]
[WhiteElo "1468"]
[BlackElo "1829"]
[PlyCount "54"]
[EventDate "2011.10.??"]
[EventType "team-tourn"]
[EventRounds "9"]
[EventCountry "GER"]
[SourceTitle "EXT 2023"]
[Source "ChessBase"]
[SourceDate "2022.10.05"]
[SourceVersion "1"]
[SourceVersionDate "2022.10.05"]
[SourceQuality "1"]
[WhiteTeam "Landshut II"]
[BlackTeam "Straubing SC"]
[WhiteTeamCountry "GER"]
[BlackTeamCountry "GER"]

1. e4 e6 2. d4 d5 3. e5 c5 4. c3 Nc6 5. Nf3 Qb6 6. Be2 cxd4 7. cxd4 f6 8. 0-0 fxe5 9. dxe5 Nge7 10. Re1 Nf5 11. Bd3 Bc5 12. Qd2 Bb4 13. Nc3 d4 14. Bxf5 exf5 15. Nd5 Bxd2 16. Nxb6 Bxe1 17. Nxa8 Ba5 18. Bf4 0-0 19. e6 Bxe6 20. Nc7 Bc4 21. b3 Be2 22. Ne6 Re8 23. Nc5 b6 24. Nb7 Bc3 25. Rc1 Nb4 26. Nd6 Rd8 27. a3 Nd3 0-1

[Event "Niederbayernliga 0910"]
[Site "Germany"]
[Date "2010.02.07"]
[Round "6.5"]
[White "Grimm, Markus"]
[Black "Schultes, Christoph"]
[Result "1/2-1/2"]
[WhiteElo "1865"]
[BlackElo "1701"]
[PlyCount "43"]
[EventDate "2009.10.18"]
[EventType "team-tourn"]
[EventRounds "9"]
[EventCountry "GER"]
[SourceTitle "EXT 2011"]
[Source "ChessBase"]
[SourceDate "2010.11.26"]
[SourceVersion "1"]
[SourceVersionDate "2010.11.26"]
[SourceQuality "1"]
[WhiteTeam "Straubing"]
[BlackTeam "Landau Dingolfing"]
[WhiteTeamCountry "GER"]
[BlackTeamCountry "GER"]

1. d4 d5 2. c4 e6 3. e3 Nf6 4. Nf3 Be7 5. Nc3 0-0 6. Bd3 dxc4 7. Bxc4 c5 8. 0-0 Nc6 9. Qe2 a6 10. Rd1 Qc7 11. a4 cxd4 12. exd4 Nb4 13. Be3 Rd8 14. Rac1 Qd6 15. Ne5 Nbd5 16. Bd3 Bd7 17. Nxd5 Nxd5 18. Bxh7+ Kxh7 19. Qh5+ Kg8 20. Qxf7+ Kh7 21. Qg6+ Kg8 22. Qf7+ 1/2-1/2

[Event "Niederbayernliga 0809"]
[Site "Germany"]
[Date "2009.03.15"]
[Round "8.5"]
[White "Weidlich, Dietmar"]
[Black "Grimm, Markus"]
[Result "0-1"]
[WhiteElo "1683"]
[BlackElo "1871"]
[PlyCount "70"]
[EventDate "2008.10.05"]
[EventType "team-tourn"]
[EventRounds "9"]
[EventCountry "GER"]
[SourceTitle "EXT 2010"]
[Source "ChessBase"]
[SourceDate "2010.11.25"]
[SourceVersion "1"]
[SourceVersionDate "2010.11.25"]
[SourceQuality "1"]
[WhiteTeam "Adlkofen"]
[BlackTeam "Straubing"]
[WhiteTeamCountry "GER"]
[BlackTeamCountry "GER"]

1. e4 e5 2. f4 exf4 3. Nf3 Be7 4. Bc4 Nf6 5. Nc3 d6 6. d3 0-0 7. 0-0 Nc6 8. Bxf4 Bg4 9. Ne2 d5 10. exd5 Nxd5 11. Bxd5 Qxd5 12. Bxc7 Nb4 13. a3 Qc5+ 14. Kh1 Nxd3 15. Bg3 Nxb2 16. Qb1 Bf6 17. Bf2 Qd5 18. Nf4 Qe4 19. Bg3 Nc4 20. c3 Bxf3 21. Rxf3 Qxb1+ 22. Rxb1 Nd2 23. Rxb7 Nxf3 24. gxf3 Bxc3 25. Nd5 Bd4 26. Nc7 Rab8 27. Rb5 Rxb5 28. Nxb5 Bc5 29. a4 Rd8 30. Bc7 Rd7 31. Bb8 Rb7 32. Be5 f6 33. Bc3 a6 34. Nd4 Bxd4 35. Bxd4 Rb4 0-1

[Event "Niederbayernliga 0809"]
[Site "Germany"]
[Date "2009.01.18"]
[Round "5.4"]
[White "Grimm, Markus"]
[Black "Gehann, Paul"]
[Result "1-0"]
[WhiteElo "1871"]
[BlackElo "1806"]
[PlyCount "80"]
[EventDate "2008.10.05"]
[EventType "team-tourn"]
[EventRounds "9"]
[EventCountry "GER"]
[SourceTitle "EXT 2010"]
[Source "ChessBase"]
[SourceDate "2010.11.25"]
[SourceVersion "1"]
[SourceVersionDate "2010.11.25"]
[SourceQuality "1"]
[WhiteTeam "Straubing"]
[BlackTeam "Ergolding"]
[WhiteTeamCountry "GER"]
[BlackTeamCountry "GER"]

1. d4 Nf6 2. Nf3 c5 3. e3 cxd4 4. exd4 d5 5. Bd3 Bg4 6. 0-0 Nc6 7. c3 e6 8. Bg5 Be7 9. Nbd2 0-0 10. Qa4 a6 11. Ne5 b5 12. Qc2 Rc8 13. Bxf6 gxf6 14. Nxg4 f5 15. Ne5 Nxd4 16. Qd1 Nc6 17. Nxc6 Rxc6 18. Nf3 Bd6 19. Re1 Qf6 20. Nd4 Rb6 21. Qh5 Kh8 22. Re3 Rg8 23. Rh3 Qg7 24. g3 b4 25. Qh6 Qxh6 26. Rxh6 Kg7 27. Rh4 bxc3 28. bxc3 Rc8 29. Ne2 Be5 30. Rc1 Bf6 31. Ra4 Rcc6 32. Kf1 Be5 33. f4 Bf6 34. Ke1 h5 35. h4 Kf8 36. Kd2 Rb2+ 37. Rc2 Rxc2+ 38. Kxc2 a5 39. Kd2 Rc5 40. Nd4 Bxd4 1-0

[Event "Niederbayernliga 0809"]
[Site "Germany"]
[Date "2008.10.05"]
[Round "1.4"]
[White "Grimm, Markus"]
[Black "Putz, Ernst"]
[Result "1-0"]
[WhiteElo "1871"]
[BlackElo "1843"]
[PlyCount "61"]
[EventDate "2008.10.05"]
[EventType "team-tourn"]
[EventRounds "9"]
[EventCountry "GER"]
[SourceTitle "EXT 2010"]
[Source "ChessBase"]
[SourceDate "2010.11.25"]
[SourceVersion "1"]
[SourceVersionDate "2010.11.25"]
[SourceQuality "1"]
[WhiteTeam "Straubing"]
[BlackTeam "Simbach"]
[WhiteTeamCountry "GER"]
[BlackTeamCountry "GER"]

1. d4 Nf6 2. Nc3 e6 3. e4 Bb4 4. Bd3 c5 5. dxc5 Nc6 6. Nf3 Bxc3+ 7. bxc3 Qa5 8. Qd2 Qxc5 9. a4 Ne5 10. Nd4 a6 11. Ba3 Qc7 12. 0-0 d6 13. f4 Nc4 14. Bxc4 Qxc4 15. Nb5 0-0 16. Nxd6 Qc7 17. e5 Nd5 18. c4 Ne7 19. Rab1 Rd8 20. Qe3 b5 21. Bc5 Bb7 22. Bb6 Qc6 23. Nxb7 Qxb7 24. Bxd8 Rxd8 25. axb5 Nf5 26. Qf3 Qb6+ 27. Qf2 Nd4 28. Kh1 Qa5 29. Rfd1 Qa2 30. b6 Qxc4 31. b7 1-0

[Event "Regionalliga SO 0607"]
[Site "Bayern"]
[Date "2007.04.01"]
[Round "8.6"]
[White "Grimm, Markus"]
[Black "Schubert, Josef"]
[Result "0-1"]
[WhiteElo "1855"]
[BlackElo "1948"]
[PlyCount "70"]
[EventDate "2006.10.15"]
[EventType "team-tourn"]
[EventRounds "9"]
[EventCountry "GER"]
[SourceTitle "EXT 2008"]
[Source "ChessBase"]
[SourceDate "2007.11.25"]
[SourceVersion "1"]
[SourceVersionDate "2007.11.25"]
[SourceQuality "1"]
[WhiteTeam "Straubing"]
[BlackTeam "Landshut"]
[WhiteTeamCountry "GER"]
[BlackTeamCountry "GER"]

1. e4 e5 2. Nf3 Nc6 3. Bc4 Bc5 4. c3 Nf6 5. d3 d6 6. b4 Bb6 7. a4 a6 8. 0-0 Ne7 9. Nbd2 0-0 10. Ba2 Ng6 11. Nc4 Ba7 12. Be3 Bg4 13. h3 Bd7 14. Bb3 Qe7 15. Re1 Kh8 16. Bxa7 Rxa7 17. d4 Raa8 18. Qd2 Rad8 19. Qg5 h6 20. Qe3 Nh5 21. Rad1 f6 22. Kh2 Nhf4 23. Ng1 Rfe8 24. d5 Nf8 25. Nd2 Qf7 26. Ne2 Nxe2 27. Rxe2 Ng6 28. g3 f5 29. Qf3 f4 30. Qh5 Qf6 31. Rg1 Rf8 32. Bd1 Kh7 33. Ree1 fxg3+ 34. Rxg3 Qxf2+ 35. Rg2 Qxg2+ 0-1

[Event "Regionalliga SO 0607"]
[Site "Bayern"]
[Date "2007.02.04"]
[Round "5.5"]
[White "Grimm, Markus"]
[Black "Gnegel, Boris Igor"]
[Result "1/2-1/2"]
[WhiteElo "1855"]
[BlackElo "2016"]
[PlyCount "78"]
[EventDate "2006.10.15"]
[EventType "team-tourn"]
[EventRounds "9"]
[EventCountry "GER"]
[SourceTitle "EXT 2008"]
[Source "ChessBase"]
[SourceDate "2007.11.25"]
[SourceVersion "1"]
[SourceVersionDate "2007.11.25"]
[SourceQuality "1"]
[WhiteTeam "Straubing"]
[BlackTeam "Tegernsee II"]
[WhiteTeamCountry "GER"]
[BlackTeamCountry "GER"]

1. e4 e5 2. Nf3 Nc6 3. Bc4 Nf6 4. Ng5 d5 5. exd5 Na5 6. Bb5+ c6 7. dxc6 bxc6 8. Be2 h6 9. Nf3 e4 10. Ne5 Bd6 11. d4 Qc7 12. Nc3 0-0 13. Be3 Re8 14. Qd2 Bxe5 15. dxe5 Qxe5 16. Qd4 Qxd4 17. Bxd4 Nd5 18. 0-0-0 Nf4 19. Bf1 Bf5 20. Be3 Ng6 21. Ba6 Ne5 22. Rd4 Bc8 23. Bxc8 Rexc8 24. Rxe4 Nac4 25. Bf4 f6 26. b3 Nd6 27. Re2 Ndf7 28. Rhe1 g5 29. Bg3 c5 30. f4 gxf4 31. Bxf4 c4 32. Kb2 Kg7 33. Nd5 Rc5 34. Nc3 cxb3 35. axb3 Rac8 36. Na4 Rxc2+ 37. Rxc2 Nd3+ 38. Kb1 Rxc2 39. Kxc2 Nxe1+ 1/2-1/2

[Event "Regionalliga SO 0607"]
[Site "Bayern"]
[Date "2006.11.19"]
[Round "3.5"]
[White "Grimm, Markus"]
[Black "Markl, Martin"]
[Result "1/2-1/2"]
[WhiteElo "1855"]
[BlackElo "2086"]
[PlyCount "28"]
[EventDate "2006.10.15"]
[EventType "team-tourn"]
[EventRounds "9"]
[EventCountry "GER"]
[SourceTitle "EXT 2008"]
[Source "ChessBase"]
[SourceDate "2007.11.25"]
[SourceVersion "1"]
[SourceVersionDate "2007.11.25"]
[SourceQuality "1"]
[WhiteTeam "Straubing"]
[BlackTeam "Pang/Rosenheim II"]
[WhiteTeamCountry "GER"]
[BlackTeamCountry "GER"]

1. e4 e5 2. Nf3 Nc6 3. Bc4 Bc5 4. c3 Nf6 5. d4 exd4 6. cxd4 Bb4+ 7. Bd2 Bxd2+ 8. Nbxd2 d5 9. exd5 Nxd5 10. Qb3 Nce7 11. 0-0 0-0 12. Rfc1 c6 13. a4 Nf5 14. Bxd5 Qxd5 1/2-1/2

[Event "Niederbayernliga 0506"]
[Site "Germany"]
[Date "2006.??.??"]
[Round "6"]
[White "Roth, Peter2222"]
[Black "Grimm, Markus"]
[Result "1/2-1/2"]
[WhiteElo "1888"]
[BlackElo "1860"]
[PlyCount "53"]
[EventDate "2005.??.??"]
[EventType "team"]
[EventRounds "9"]
[EventCountry "GER"]
[SourceTitle "EXT 2008"]
[Source "ChessBase"]
[SourceDate "2007.11.25"]
[SourceVersion "1"]
[SourceVersionDate "2007.11.25"]
[SourceQuality "1"]
[WhiteTeam "Deggendorf"]
[BlackTeam "Straubing"]
[WhiteTeamCountry "GER"]
[BlackTeamCountry "GER"]

1. e4 e5 2. Nf3 Nf6 3. Nxe5 d6 4. Nf3 Nxe4 5. d4 d5 6. Bd3 Bd6 7. 0-0 0-0 8. c4 c6 9. Nc3 Nxc3 10. bxc3 Bg4 11. h3 Bh5 12. Rb1 dxc4 13. Bxc4 b5 14. Be2 a6 15. Be3 Nd7 16. Ng5 Bxe2 17. Qxe2 Nf6 18. Qc2 h6 19. Ne4 Nxe4 20. Qxe4 Qf6 21. Qc2 Rfe8 22. a4 Bc7 23. Rfe1 Qd6 24. g3 Qd5 25. axb5 axb5 26. Qb3 Qf3 27. Qd1 1/2-1/2

[Event "Niederbayernliga 0405"]
[Site "Germany"]
[Date "2005.??.??"]
[Round "5"]
[White "Bachheibl, Robert"]
[Black "Grimm, Markus"]
[Result "1/2-1/2"]
[WhiteElo "1717"]
[BlackElo "1847"]
[PlyCount "31"]
[EventDate "2004.??.??"]
[EventType "team"]
[EventRounds "9"]
[EventCountry "GER"]
[SourceTitle "EXT 2008"]
[Source "ChessBase"]
[SourceDate "2007.11.25"]
[SourceVersion "1"]
[SourceVersionDate "2007.11.25"]
[SourceQuality "1"]
[WhiteTeam "Eggenfelden"]
[BlackTeam "Straubing"]
[WhiteTeamCountry "GER"]
[BlackTeamCountry "GER"]

1. d4 Nf6 2. c4 e6 3. Nc3 d5 4. Bg5 Be7 5. e3 0-0 6. Nf3 Nbd7 7. Bd3 c6 8. 0-0 h6 9. Bf4 Nh5 10. Be5 Nxe5 11. Nxe5 Nf6 12. Qc2 Nd7 13. Nf3 Bd6 14. Rad1 Qe7 15. e4 dxe4 16. Nxe4 1/2-1/2

[Event "Niederbayernliga 0405"]
[Site "Germany"]
[Date "2005.??.??"]
[Round "6"]
[White "Bacholke, Michael"]
[Black "Grimm, Markus"]
[Result "0-1"]
[WhiteElo "1882"]
[BlackElo "1847"]
[PlyCount "40"]
[EventDate "2004.??.??"]
[EventType "team"]
[EventRounds "9"]
[EventCountry "GER"]
[SourceTitle "EXT 2008"]
[Source "ChessBase"]
[SourceDate "2007.11.25"]
[SourceVersion "1"]
[SourceVersionDate "2007.11.25"]
[SourceQuality "1"]
[WhiteTeam "Deggendorf"]
[BlackTeam "Straubing"]
[WhiteTeamCountry "GER"]
[BlackTeamCountry "GER"]

1. e4 e5 2. Nf3 Nc6 3. Bb5 a6 4. Ba4 Nf6 5. 0-0 Nxe4 6. d4 b5 7. Bb3 d5 8. dxe5 Be6 9. Qe2 Be7 10. Rd1 0-0 11. c4 bxc4 12. Bxc4 Bc5 13. Be3 Bxe3 14. Qxe3 Qb8 15. Bxd5 Bxd5 16. Rxd5 Qxb2 17. Qxe4 Qxa1 18. Ng5 g6 19. h3 Rab8 20. Rc5 Qxb1+ 0-1

[Event "Niederbayernliga 0506"]
[Site "Germany"]
[Date "2005.??.??"]
[Round "3"]
[White "Grimm, Markus"]
[Black "Hartmann, Erwin"]
[Result "1/2-1/2"]
[WhiteElo "1860"]
[BlackElo "1647"]
[PlyCount "55"]
[EventDate "2005.??.??"]
[EventType "team"]
[EventRounds "9"]
[EventCountry "GER"]
[SourceTitle "EXT 2008"]
[Source "ChessBase"]
[SourceDate "2007.11.25"]
[SourceVersion "1"]
[SourceVersionDate "2007.11.25"]
[SourceQuality "1"]
[WhiteTeam "Straubing"]
[BlackTeam "Grafenau"]
[WhiteTeamCountry "GER"]
[BlackTeamCountry "GER"]

1. e4 c5 2. c3 e6 3. d4 cxd4 4. cxd4 d5 5. e5 Nc6 6. Nf3 Nge7 7. Bd3 Nb4 8. Bb5+ Bd7 9. Bxd7+ Qxd7 10. Nc3 Nf5 11. 0-0 Be7 12. a3 Nc6 13. b4 a6 14. Na4 Qd8 15. Bb2 0-0 16. Rc1 Rc8 17. Qd3 Re8 18. Nc5 Bxc5 19. Rxc5 Qd7 20. Rfc1 Nce7 21. Nd2 Rxc5 22. Rxc5 Rc8 23. Nb3 Rxc5 24. Nxc5 Qc6 25. a4 Nc8 26. b5 axb5 27. axb5 Qc7 28. Qb3 1/2-1/2

[Event "Niederbayernliga 0405"]
[Site "Germany"]
[Date "2005.??.??"]
[Round "9"]
[White "Grimm, Markus"]
[Black "Mueller, Rudolf"]
[Result "1-0"]
[WhiteElo "1847"]
[BlackElo "1537"]
[PlyCount "75"]
[EventDate "2004.??.??"]
[EventType "team"]
[EventRounds "9"]
[EventCountry "GER"]
[SourceTitle "EXT 2008"]
[Source "ChessBase"]
[SourceDate "2007.11.25"]
[SourceVersion "1"]
[SourceVersionDate "2007.11.25"]
[SourceQuality "1"]
[WhiteTeam "Straubing"]
[BlackTeam "Haselbach"]
[WhiteTeamCountry "GER"]
[BlackTeamCountry "GER"]

1. e4 e5 2. Nf3 Nf6 3. Nxe5 Qe7 4. Nf3 Qxe4+ 5. Be2 Bc5 6. 0-0 0-0 7. d4 Bd6 8. Nc3 Qe8 9. Nb5 a6 10. Nxd6 cxd6 11. d5 b5 12. b3 Bb7 13. c4 bxc4 14. bxc4 Ne4 15. Qc2 f5 16. Bd3 a5 17. Re1 Na6 18. Ba3 Qf7 19. Bxe4 fxe4 20. Qxe4 Rfe8 21. Qd4 Nb4 22. Rxe8+ Rxe8 23. Bxb4 axb4 24. Qb6 Bxd5 25. cxd5 Qxd5 26. Qxb4 Re4 27. Qb3 Qe6 28. Qb8+ Qe8 29. Qxe8+ Rxe8 30. Kf1 Ra8 31. a4 h6 32. Ke2 Kf7 33. Nd4 Kf6 34. a5 Ke5 35. Kd3 d5 36. a6 Kd6 37. a7 Kc5 38. Nf5 1-0

[Event "Niederbayernliga 0405"]
[Site "Germany"]
[Date "2005.??.??"]
[Round "8"]
[White "Grimm, Markus"]
[Black "Oberberger, Hans"]
[Result "1-0"]
[WhiteElo "1847"]
[BlackElo "1620"]
[PlyCount "61"]
[EventDate "2004.??.??"]
[EventType "team"]
[EventRounds "9"]
[EventCountry "GER"]
[SourceTitle "EXT 2008"]
[Source "ChessBase"]
[SourceDate "2007.11.25"]
[SourceVersion "1"]
[SourceVersionDate "2007.11.25"]
[SourceQuality "1"]
[WhiteTeam "Straubing"]
[BlackTeam "Deggendorf II"]
[WhiteTeamCountry "GER"]
[BlackTeamCountry "GER"]

1. e4 c5 2. c3 d6 3. d4 cxd4 4. cxd4 Nf6 5. Nc3 e6 6. Nf3 a6 7. Bd3 Be7 8. 0-0 Nc6 9. Bf4 0-0 10. Qe2 Nd7 11. Rac1 Re8 12. a3 Nf8 13. Rfd1 Ng6 14. Be3 f5 15. exf5 exf5 16. Qc2 Nh4 17. Nxh4 Bxh4 18. Nd5 Be6 19. Nf4 d5 20. Nxe6 Rxe6 21. Bxf5 Re7 22. Bxh7+ Kh8 23. Qf5 g6 24. Bxg6 Rg7 25. Re1 Qf6 26. Qxf6 Bxf6 27. Bh5 Rag8 28. Bf3 Bxd4 29. Bxd5 Bxe3 30. Rxe3 Nd4 31. Rh3+ 1-0

[Event "Niederbayernliga 0304"]
[Site "Germany"]
[Date "2004.??.??"]
[Round "6"]
[White "Grimm, Markus"]
[Black "Schmidbauer, Josef"]
[Result "1/2-1/2"]
[WhiteElo "1868"]
[BlackElo "1605"]
[PlyCount "47"]
[EventDate "2003.??.??"]
[EventType "team"]
[EventRounds "9"]
[EventCountry "GER"]
[SourceTitle "EXT 2008"]
[Source "ChessBase"]
[SourceDate "2007.11.25"]
[SourceVersion "1"]
[SourceVersionDate "2007.11.25"]
[SourceQuality "1"]
[WhiteTeam "Straubing"]
[BlackTeam "Freyung"]
[WhiteTeamCountry "GER"]
[BlackTeamCountry "GER"]

1. e4 c5 2. c3 Nc6 3. d4 cxd4 4. cxd4 d6 5. Nf3 e6 6. Nc3 Nf6 7. Be2 Be7 8. 0-0 0-0 9. Be3 d5 10. e5 Nd7 11. Nd2 f5 12. f4 Nb6 13. Rc1 Bd7 14. a3 Rc8 15. Bd3 Na5 16. Qe2 Nac4 17. Nxc4 Nxc4 18. Bxc4 Rxc4 19. Rf3 Qc7 20. Qd2 Rc8 21. Bf2 Qb6 22. Ne2 Rxc1+ 23. Nxc1 Rc4 24. Rc3 1/2-1/2